000
00273nam a22001217a 4500
008
170608b xxu||||| |||| 00| 0 eng d
041
_a
eng
080
_a
32
100
_a
18
101
_a
SHP
245
_a
PERSPECTIVES ON NEGOTIATION
_c
BENDAHMANE.D.B
942
_2
udc
_c
BK
999
_c
16365
_d
16365